| 000 | 00804nam a22001577a 4500 | ||
|---|---|---|---|
| 003 | OSt | ||
| 005 | 20160316140930.0 | ||
| 008 | 160316b xxu||||| |||| 00| 0 eng d | ||
| 040 | _cRUA | ||
| 082 | _aAGI HEA 2006 B470 Or.1 | ||
| 100 |
_98012 _aHEANG DARARITH; ហៀង ដារ៉ារិទ្ធ |
||
| 245 | _aComparison of organic fertilizers on celery cabbage(brassica compestris) at royal university of agriculture; ប្រៀបធៀបនៃការប្រើប្រាស់ជីសរីរាង្គលើដំណាំស្ពៃចង្កឹះ នៅស្ថានីយ៏ពិសោធន៏នៃសាកលវិទ្យាល័យភូមិន្ទកសិកម្ម | ||
| 260 |
_aPhnom Phen _bRUA _c2006 |
||
| 300 |
_axv;49p. _bill. _c29cm. |
||
| 942 |
_2ddc _cAGI |
||
| 999 |
_c7610 _d7610 |
||